[Event "Collado Villalba op 40th"]
[Site "Collado Villalba"]
[Date "2023.08.24"]
[Round "3"]
[White "Pena Rodriguez, Jose Maria"]
[Black "Olmedo Aznar, Mario"]
[Result "1-0"]
[WhiteElo "1734"]
[BlackElo "1258"]
[PlyCount "113"]
[EventDate "2023.08.22"]
[EventType "swiss"]
[EventRounds "9"]
[EventCountry "ESP"]
[SourceTitle "CBM 216 Extra"]
[Source "ChessBase"]
[SourceDate "2023.11.30"]
[SourceVersion "1"]
[SourceVersionDate "2023.11.30"]
[SourceQuality "1"]

1. e4 e6 2. d3 d5 3. Nd2 Nf6 4. Ngf3 Be7 5. g3 0-0 6. Bg2 c5 7. 0-0 Nc6 8. Re1 b6 9. Qe2 Ba6 10. e5 Nd7 11. Nf1 Qc7 12. Bf4 c4 13. d4 Nb4 14. Qd2 Rac8 15. a3 Nc6 16. Ne3 Rfe8 17. Nxd5 exd5 18. e6 Qd8 19. exd7 Qxd7 20. Ne5 Nxe5 21. Rxe5 Bb7 22. Rh5 Qg4 23. Qd1 Qxd1+ 24. Rxd1 g6 25. Re5 Bf6 26. Rxe8+ Rxe8 27. Be3 Rd8 28. Re1 Bc8 29. c3 Be6 30. Bf4 Rd7 31. Bh6 Bg7 32. Bxg7 Kxg7 33. Re5 Rd6 34. f4 f6 35. Re2 Kf8 36. Bf3 Bf5 37. g4 Bd7 38. h4 Re6 39. Kf2 Rxe2+ 40. Kxe2 Bc6 41. g5 f5 42. h5 Kf7 43. h6 Bb7 44. Kd2 Bc6 45. Bd1 b5 46. Kc2 Bb7 47. b3 a6 48. Kb2 Ke6 49. a4 Kd6 50. Ka3 Kc6 51. Kb4 Kb6 52. a5+ Kc6 53. bxc4 bxc4 54. Ba4+ Kd6 55. Bc2 Bc6 56. Bxf5 Be8 57. Bc8 1-0

[Event "Colmenarejo Autumn op 29th"]
[Site "Colmenarejo"]
[Date "2019.10.06"]
[Round "4"]
[White "Buergo Villanueva, Fernando"]
[Black "Olmedo Aznar, Mario"]
[Result "1-0"]
[WhiteElo "1282"]
[BlackElo "1172"]
[PlyCount "75"]
[EventDate "2019.09.15"]
[EventType "swiss"]
[EventRounds "7"]
[EventCountry "ESP"]
[SourceTitle "EXT 2021"]
[Source "ChessBase"]
[SourceDate "2020.10.23"]
[SourceVersion "1"]
[SourceVersionDate "2020.10.23"]
[SourceQuality "1"]

1. d4 e6 2. Nf3 Nf6 3. Bg5 Be7 4. Nbd2 0-0 5. e3 d5 6. Bd3 Nbd7 7. 0-0 c5 8. c4 Re8 9. Bxf6 Nxf6 10. Nb3 b6 11. Ne5 Ba6 12. Qc2 dxc4 13. Bxc4 Bxc4 14. Qxc4 Rc8 15. dxc5 Bxc5 16. Rad1 Qc7 17. Ng4 Be7 18. Nxf6+ Bxf6 19. Qe2 Qe5 20. Nd4 Red8 21. f4 Qe4 22. Nb5 Rxd1 23. Rxd1 Rc2 24. Rd2 Rxd2 25. Qxd2 Qb1+ 26. Kf2 Qxa2 27. Qd7 Qxb2+ 28. Kf3 g6 29. Nd6 Kg7 30. Qxf7+ Kh6 31. Qf8+ Bg7 32. Nf7+ Kh5 33. g4+ Kh4 34. Qg8 h5 35. gxh5 gxh5 36. Ne5 Qxh2 37. Ng6+ Kh3 38. Qxe6# 1-0

[Event "Collado Villalba 64 op 7th"]
[Site "Collado Villalba"]
[Date "2019.08.03"]
[Round "7"]
[White "Olmedo Aznar, Mario"]
[Black "Martin Rodriguez, Jose Luis"]
[Result "1/2-1/2"]
[WhiteElo "1163"]
[BlackElo "1271"]
[PlyCount "93"]
[EventDate "2019.07.29"]
[EventType "swiss"]
[EventRounds "9"]
[EventCountry "ESP"]
[SourceTitle "CBM 195 Extra"]
[Source "ChessBase"]
[SourceDate "2020.05.31"]
[SourceVersion "1"]
[SourceVersionDate "2020.05.31"]
[SourceQuality "1"]

1. d4 Nf6 2. Bf4 e6 3. Nf3 c5 4. c3 Nc6 5. e3 cxd4 6. cxd4 Ne4 7. a3 Qa5+ 8. Nbd2 Nxd2 9. Nxd2 d5 10. Bd3 Bd7 11. 0-0 g6 12. Nf3 Be7 13. Bh6 Bf8 14. Bxf8 Rxf8 15. Ng5 h6 16. Nh7 Rh8 17. Nf6+ Ke7 18. Nxd7 Kxd7 19. Qf3 Raf8 20. Qd1 Qd8 21. Qb3 Qb6 22. Qxb6 axb6 23. Bb5 Kd6 24. Bxc6 Kxc6 25. Rac1+ Kd7 26. Rc3 Rc8 27. Rxc8 Rxc8 28. Rb1 Rc2 29. g3 Kc6 30. a4 b5 31. b3 bxa4 32. bxa4 Ra2 33. Rb4 Rc2 34. a5 Ra2 35. Rb6+ Kc7 36. Rb5 Rc2 37. Kg2 Rc4 38. Kf3 Rc6 39. Kf4 Ra6 40. Rc5+ Rc6 41. Rb5 Rc2 42. Kf3 Rc6 43. Kg2 Ra6 44. Rc5+ Kd7 45. Rb5 Kc7 46. Rc5+ Rc6 47. Rb5 1/2-1/2

[Event "Collado Villalba 64 op 7th"]
[Site "Collado Villalba"]
[Date "2019.08.01"]
[Round "5"]
[White "Higuera De Frutos, Santiago"]
[Black "Olmedo Aznar, Mario"]
[Result "1-0"]
[WhiteElo "1205"]
[BlackElo "1163"]
[PlyCount "41"]
[EventDate "2019.07.29"]
[EventType "swiss"]
[EventRounds "9"]
[EventCountry "ESP"]
[SourceTitle "CBM 195 Extra"]
[Source "ChessBase"]
[SourceDate "2020.05.31"]
[SourceVersion "1"]
[SourceVersionDate "2020.05.31"]
[SourceQuality "1"]

1. d4 e6 2. c4 Nf6 3. Nc3 d5 4. cxd5 exd5 5. Bg5 Be7 6. Nf3 0-0 7. e3 c6 8. Bd3 Be6 9. 0-0 Nbd7 10. Qc2 Bd6 11. e4 Be7 12. e5 Ng4 13. Bxe7 Qxe7 14. Bxh7+ Kh8 15. Bf5 Bxf5 16. Qxf5 Nh6 17. Qh3 Kg8 18. Ne2 f5 19. Nf4 Ng4 20. Ng6 Qf7 21. Qh8# 1-0

[Event "Collado Villalba 64 op 7th"]
[Site "Collado Villalba"]
[Date "2019.08.01"]
[Round "4"]
[White "Olmedo Aznar, Mario"]
[Black "Romero Jaime, Pedro"]
[Result "0-1"]
[WhiteElo "1163"]
[BlackElo "1601"]
[PlyCount "80"]
[EventDate "2019.07.29"]
[EventType "swiss"]
[EventRounds "9"]
[EventCountry "ESP"]
[SourceTitle "CBM 195 Extra"]
[Source "ChessBase"]
[SourceDate "2020.05.31"]
[SourceVersion "1"]
[SourceVersionDate "2020.05.31"]
[SourceQuality "1"]

1. d4 Nf6 2. Bf4 d5 3. Nf3 g6 4. e3 Nbd7 5. Be2 Bg7 6. c3 0-0 7. 0-0 Ne4 8. Nbd2 Ndf6 9. h3 h6 10. Rc1 g5 11. Be5 g4 12. hxg4 Nxg4 13. Nxe4 Nxe5 14. Ned2 Ng4 15. Ne1 Nf6 16. Nef3 Nd7 17. Bd3 e5 18. e4 c6 19. Re1 Re8 20. Qc2 dxe4 21. Rxe4 f5 22. Bc4+ Kh8 23. Ree1 e4 24. Nh2 Nb6 25. Bb3 Nd5 26. Nhf1 Nf4 27. Bc4 Qg5 28. Ne3 b5 29. Bf1 Nh3+ 30. Kh2 Nxf2 31. Nf3 exf3 32. Qxf2 f4 33. Nc2 Qh5+ 34. Kg1 Bg4 35. Rxe8+ Rxe8 36. gxf3 Bxf3 37. Qh2 Qg5+ 38. Kf2 Bd5 39. Nb4 f3 40. Re1 Qd2+ 0-1

[Event "Collado Villalba 64 op 7th"]
[Site "Collado Villalba"]
[Date "2019.07.31"]
[Round "3"]
[White "Gallego Romero, Manuel"]
[Black "Olmedo Aznar, Mario"]
[Result "1/2-1/2"]
[WhiteElo "1431"]
[BlackElo "1163"]
[PlyCount "132"]
[EventDate "2019.07.29"]
[EventType "swiss"]
[EventRounds "9"]
[EventCountry "ESP"]
[SourceTitle "CBM 195 Extra"]
[Source "ChessBase"]
[SourceDate "2020.05.31"]
[SourceVersion "1"]
[SourceVersionDate "2020.05.31"]
[SourceQuality "1"]

1. e4 e6 2. d4 d5 3. Nd2 Nf6 4. e5 Nfd7 5. f4 c5 6. c3 Nc6 7. Ngf3 Qb6 8. Qb3 cxd4 9. Qxb6 axb6 10. cxd4 Be7 11. a3 0-0 12. Be2 h6 13. 0-0 Re8 14. Rd1 Nb4 15. Nf1 Nf8 16. Bd2 Nc6 17. Bc3 Bd7 18. Bd3 Na7 19. a4 b5 20. b3 bxa4 21. bxa4 b5 22. a5 b4 23. Be1 Nc6 24. Bb5 Nxa5 25. Bxd7 Nxd7 26. Rdb1 Nc6 27. Ne3 Rxa1 28. Rxa1 Rb8 29. Rc1 Na5 30. Rc7 Rd8 31. f5 Bf8 32. fxe6 fxe6 33. Nh4 Nb6 34. Ng6 b3 35. Rc1 Nac4 36. Nxc4 dxc4 37. Nxf8 Kxf8 38. Bb4+ Kg8 39. Bc5 Rb8 40. Kf1 Nd5 41. Ke2 Nf4+ 42. Kd2 Nxg2 43. Kc3 Ne3 44. Rb1 Kf7 45. Kd2 Ng4 46. h3 Nh2 47. Kc3 Kg8 48. Kxc4 Nf3 49. Kc3 Ng5 50. Bb4 Nxh3 51. Rxb3 Nf4 52. Rb2 Nd5+ 53. Kc4 Rxb4+ 54. Rxb4 Nxb4 55. Kxb4 Kf7 56. Kc4 g5 57. d5 exd5+ 58. Kxd5 h5 59. Kd6 g4 60. Kd7 g3 61. e6+ Kf6 62. e7 g2 63. e8Q g1Q 64. Qe7+ Kf5 65. Qe6+ Kf4 66. Qf7+ Kg3 1/2-1/2